| 000 | 00483nam a2200181Ia 4500 | ||
|---|---|---|---|
| 003 | OSt | ||
| 005 | 20200619110533.0 | ||
| 008 | 190216s9999||||xx |||||||||||||| ||und|| | ||
| 020 | _a9788189320072 | ||
| 040 | _coclc | ||
| 082 |
_a954 _bGAR/L |
||
| 100 |
_aGarrat, G T _93074 |
||
| 245 | 4 |
_aThe Legacy Of India / _cG T Garrat |
|
| 260 |
_bBlack&White, _c2008. _aNew Delhi: |
||
| 300 | _a428p | ||
| 650 | _aHistory | ||
| 942 |
_cBK _2ddc _h954 _iGAR/L _k954 _mGAR/L |
||
| 999 |
_c21069 _d21069 |
||